Podnikateľské zoskupenia a práva obchodných spoločností

Bibliographic Details
Corporate Author: Verlag Dashöfer (vydavateľstvo) (Author)
Format: Article
Language:Slovak
ISSN:1335-4701
Subjects:

MARC

LEADER 00000nab a2200000 a 4500
001 vtls000834066
003 SK-MaSNL
005 20260303210832.0
008 140301c2003 xo 0 slo
015 |a SNBRB2003/05-13887 
035 |a CLN000185721 
040 |a SNKBUCL  |b slo  |c SNKBUCL  |e AACR2 
041 0 |a slo 
044 |a xo  |c SK 
080 |a 347.72  |2 1997 
110 2 |a Verlag Dashöfer (vydavateľstvo)  |4 aut  |9 57652 
245 0 0 |a Podnikateľské zoskupenia a práva obchodných spoločností  |c vydavateľstvo Verlag Dashöfer 
650 0 7 |a spoločnosti obchodné  |x zoskupenia podnikateľské  |2 snkbucl  |9 1243044 
650 0 7 |a obchodné právo  |2 snkbucl  |9 2216 
655 7 |a články z novín a časopisov  |2 snkbucl  |9 267496 
773 0 |t Hospodárske noviny  |g Roč. 11, č. 33 (18.2.2003)  |x 1335-4701 
773 0 |t [Príl.] Podniky a trhy  |g Č. 33 (18.2.2003), s. 23  |x 1335-4701 
850 |a Slovenská národná knižnica v Martine 
852 |a SNK  |b KIS3GCP 
958 |a SK 
992 |a RBX 
999 |c 2202002  |d 2203932